They Call Me 'JC' Quiz Stats

 Plays Quiz Updated Oct 31, 2013

     
Support Sporcle.
Go Orange.
Score 0/30 Timer 07:00
4 Plays Today
% Correct
Jesus Christ
97.9%
Julius Caesar
96.8%
Jackie Chan
95.6%
Juliet Capulet
95.5%
Jim Carrey
94.6%
James Cameron
93.2%
Jiminy Cricket
92.2%
Jimmy Carter
91.3%
Johnny Carson
86.1%
John Candy
81.8%
Jenny Craig
80.8%
Jacques Clouseau
80.6%
John Cleese
78.3%
Jose Canseco
77.6%
Joan Crawford
75.6%
% Correct
Julia Child
73.4%
John Coltrane
70.4%
John Cena
66%
J.C. Chasez
64.8%
Jacques Cousteau
63.1%
James Coburn
61.3%
Joseph Conrad
58.9%
Jim Calhoun
50.7%
Jean-Fran├žois Champollion
47.5%
Jacques Cartier
47%
Jean-Baptiste Colbert
42%
James Chadwick
41.8%
Jackie Chiles
39.9%
John Calvin
39.9%
Jerry Cruncher
17.5%

From the Vault

Author to Badly Drawn Book

by MoMosMoProblems

You have to know who wrote them, but not who drew them.
Remove Ads.
Support Sporcle.
Get the best of Sporcle when you Go Orange. This ad-free experience offers more features, more stats, and more fun while also helping to support Sporcle. Thank you for becoming a member.

Show Comments

Extras

Top Quizzes Today


Score Distribution

Your Account Isn't Verified!

In order to create a playlist on Sporcle, you need to verify the email address you used during registration. Go to your Sporcle Settings to finish the process.

Report this User

Report this user for behavior that violates our Community Guidelines.

Details: